Sedm let hříchu /

Hlavní autor: Day, Sylvia, 1973-
Jazyk: Čeština
Vydáno: Praha : Dobrovský, 2013
Vydání: Vyd. 1.
Témata:
Externí odkaz: Digitalizovaný dokument
Fyzický popis: 294 s. ; 22 cm
Knihy
Uloženo v:
LEADER 01398cam a2200409 a 4500
001 nkc20132480524
003 CZ PrNK
005 20260416235006.0
007 ta
008 130806s2013 xr g 000 f cze d
015 |a cnb002480524 
020 |a 978-80-7306-537-9  |q (váz.) 
035 |a (OCoLC)859738600 
040 |a OSA001  |b cze  |d OLA001  |d ABA001 
041 1 |a cze  |h eng 
072 7 |a 821.111(73)-3  |x Americká próza  |2 Konspekt  |9 25 
080 |a 821.111(73)-31  |2 MRF 
080 |a (0:82-993)  |2 MRF 
100 1 |a Day, Sylvia,  |d 1973-  |7 mzk2009534975  |4 aut 
245 1 0 |a Sedm let hříchu /  |c Sylvia Day ; [z anglického originálu ... přeložil Jakub Volný] 
246 3 |a 7 let hříchu 
250 |a Vyd. 1. 
260 |a Praha :  |b Dobrovský,  |c 2013 
300 |a 294 s. ;  |c 22 cm 
655 7 |a americké romány  |7 fd131796  |2 czenas 
655 7 |a erotické romány  |7 fd132211  |2 czenas 
655 9 |a American fiction  |2 eczenas 
655 9 |a erotic novels  |2 eczenas 
765 0 |t Seven years to sin  |9 Česky 
856 4 1 |u https://www.digitalniknihovna.cz/mzk/uuid/uuid:17c70c3b-d0f9-11f0-833f-9611428260ab  |y Digitalizovaný dokument  |x NDK 
910 2 |a BOA001  |b 2-1311.023 
928 9 |a Beta 
928 9 |a Pavel Dobrovský - Beta 
990 |a BK 
995 |a 01 
991 |b 201309  |e b 
996 6 |b 2610562107  |c 2-1311.023  |l MZK  |r Sklad / do 1 hodiny  |n 2  |p p.v.  |w 001359678  |u 000010  |a 1  |e BOA001  |j MZK50  |s P